Thơ chọn và lời bình

Zapisane w:
Opis bibliograficzny
1. autor: Vũ Nho
Format: Książka
Wydane: H. Văn học 1992
Etykiety: Dodaj etykietę
Nie ma etykietki, Dołącz pierwszą etykiete!
Thư viện lưu trữ: Mạng thư viện Đại học Đà Nẵng
LEADER 00566nam a2200229 4500
001 000014524
003 10891
005 20120507100518.0
008 120507s1992 sd
082 |a 895.9221009  |b VU-N 
100 0 |a Vũ Nho 
245 0 |a Thơ chọn và lời bình  |c Vũ Nho 
260 |a H.  |b Văn học  |c 1992 
300 |a 172 tr.  |c 21cm 
OWN |a LSP 
999 |a From the UDN01 
TYP |a Monograph 
TYP |a Printed language 
980 |a Mạng thư viện Đại học Đà Nẵng